Mujeres (Record no. 18973)

MARC details
000 -LEADER
campo de control de longitud fija 00703nmc a2200253 a 4500
003 - IDENTIFICADOR DE NÚMERO DE CONTROL
campo de control AR-BaBNM
005 - FECHA Y HORA DE LA ÚLTIMA TRANSACCIÓN
campo de control 20251128211258.0
008 - DATOS DE LONGITUD FIJA--INFORMACIÓN GENERAL
campo de control de longitud fija 093120s1998 ||||||||||||||000 | spa||
020 ## - NÚMERO INTERNACIONAL ESTÁNDAR DEL LIBRO
Número Internacional Estándar del Libro 950-860-063-2
040 ## - FUENTE DE CATALOGACIÓN
Centro/agencia transcriptor AR-BaBNM
245 10 - MENCIÓN DEL TÍTULO
Título Mujeres
Resto del título visiones en el siglo
Número de parte o sección de la obra 3
260 ## - PUBLICACIÓN, DISTRIBUCIÓN, ETC.
Lugar de publicación, distribución, etc. Buenos Aires
Nombre del editor, distribuidor, etc. Ediciones Instituto Movilizador de Fondos Cooperativos C.L.
Fecha de publicación, distribución, etc. 1998
300 ## - DESCRIPCIÓN FÍSICA
Extensión 127 p.
490 #0 - MENCIÓN DE SERIE
Mención de serie Desde la gente
Designación de volumen o secuencia v. 62
504 ## - NOTA DE BIBLIOGRAFÍA, ETC.
Nota de bibliografía, etc. Nota Contiene referencias bibliográficas
650 #4 - PUNTO DE ACCESO ADICIONAL DE MATERIA--TÉRMINO DE MATERIA
Término de materia o nombre geográfico como elemento de entrada LITERATURA CONTEMPORANEA
650 #4 - PUNTO DE ACCESO ADICIONAL DE MATERIA--TÉRMINO DE MATERIA
Término de materia o nombre geográfico como elemento de entrada ANTOLOGIAS
650 #4 - PUNTO DE ACCESO ADICIONAL DE MATERIA--TÉRMINO DE MATERIA
Término de materia o nombre geográfico como elemento de entrada MUJERES
653 ## - TÉRMINO DE INDIZACIÓN--NO CONTROLADO
Término no controlado NARRATIVA
655 ## - TERMINO DE INDIZACIÓN--GENERO/FORMA
Datos o término principal de género/forma LITERATURA
700 1# - ENTRADA AGREGADA--NOMBRE PERSONAL
Nombre de persona Szwarc, Susana
Término indicativo de función/relación prologuista
942 ## - ELEMENTOS DE ENTRADA SECUNDARIOS (KOHA)
Tipo de ítem Koha Libros
998 ## - INFORMACIÓN DE CONTROL LOCAL (RLIN)
Iniciales del catalogador, CIN (RLIN) martin
Holdings
Estatus retirado Estado de pérdida Fuente de la clasificación o esquema de estantería Estado de daño Restricciones de uso No para préstamo Biblioteca de origen Biblioteca actual Fecha de adquisición Total de préstamos Signatura topográfica completa Código de barras Visto por última vez Precio de reemplazo Tipo de ítem Koha
    Clasificación Decimal Dewey   Acceso restringido No para préstamo Liberty Liberty 28/11/2025   82 C-DLG 62 132279 28/11/2025 28/11/2025 Libros